[Event "CAN-op rapid Online"]
[Site "Chess.com"]
[Date "2021.05.16"]
[Round "9"]
[White "Chelkowski, Jan"]
[Black "Husek, Paul"]
[Result "0-1"]
[WhiteElo "1202"]
[BlackElo "1252"]
[PlyCount "82"]
[EventDate "2021.05.15"]
[EventType "swiss (rapid)"]
[EventRounds "10"]
[EventCountry "CAN"]

1. e4 c5 2. Bc4 Nc6 3. Nf3 e6 4. d3 g6 5. Ng5 Bg7 6. Qf3 Nf6 7. Nc3 Nd4 8. Qd1
O-O 9. O-O a6 10. Be3 d5 11. exd5 exd5 12. Bb3 Nxb3 13. cxb3 d4 14. Bxd4 cxd4
15. Nb1 Ng4 16. Ne4 Qc7 17. g3 Nf6 18. Ned2 Bf5 19. Nc4 b5 20. Nca3 Rac8 21.
Qf3 Qc6 22. Qxc6 Rxc6 23. Rd1 Rfc8 24. Kg2 Bh6 25. Nd2 Bxd2 26. Rxd2 Rc1 27.
Rxc1 Rxc1 28. Re2 Bxd3 29. Rd2 Bf5 30. Rxd4 Rc6 31. Rd8+ Kg7 32. Ra8 Nd5 33.
Rd8 Nb4 34. Rd1 Nxa2 35. h3 Nc1 36. b4 Nd3 37. Rd2 Nxb4 38. g4 Be6 39. Nb1 Rc2
40. Rd8 Rxb2 41. Ra8 Rxb1 0-1

[Event "CAN-op rapid Online"]
[Site "Chess.com"]
[Date "2021.05.16"]
[Round "9"]
[White "Mendes, Aaron Reeve"]
[Black "McAlpin, John-Francis"]
[Result "1-0"]
[WhiteElo "1773"]
[BlackElo "1451"]
[PlyCount "37"]
[EventDate "2021.05.15"]
[EventType "swiss (rapid)"]
[EventRounds "10"]
[EventCountry "CAN"]

1. d4 Nf6 2. Bf4 e6 3. e3 d5 4. Bd3 Bd6 5. Bg3 b6 6. Nf3 Bb7 7. Nbd2 c5 8. c3
Nc6 9. e4 dxe4 10. Nxe4 Nxe4 11. Bxe4 Bxg3 12. hxg3 Qe7 13. Qa4 Rc8 14. Kf1 f5
15. Bxf5 Kf7 16. Bxe6+ Kf6 17. d5 Qd6 18. Qh4+ Kg6 19. Qg5# 1-0

[Event "CAN-op rapid Online"]
[Site "Chess.com"]
[Date "2021.05.16"]
[Round "9"]
[White "Neves, Leonardo"]
[Black "Cliche, Victor"]
[Result "1-0"]
[WhiteElo "1674"]
[BlackElo "1269"]
[PlyCount "54"]
[EventDate "2021.05.15"]
[EventType "swiss (rapid)"]
[EventRounds "10"]
[EventCountry "CAN"]

1. e4 e6 2. d4 d5 3. Nc3 c5 4. exd5 exd5 5. dxc5 Bxc5 6. Qxd5 Qe7+ 7. Be2 Nf6
8. Qb3 Be6 9. Qb5+ Nc6 10. Bg5 a6 11. Bxf6 gxf6 12. Qa4 b5 13. Nxb5 O-O 14. Nc3
Nd4 15. O-O-O Bd7 16. Qc4 Nxe2+ 17. Ngxe2 Rac8 18. Qh4 Bf5 19. Nf4 Bd6 20. Rhe1
Qc7 21. Nfd5 Qd8 22. Nxf6+ Kh8 23. Re3 Rc6 24. Rh3 Bf4+ 25. Qxf4 Qxf6 26. Rf3
Rc5 27. g4 Rb8 1-0

[Event "CAN-op rapid Online"]
[Site "Chess.com"]
[Date "2021.05.16"]
[Round "9"]
[White "Stojanovski, Sandi"]
[Black "Li, Jack"]
[Result "1-0"]
[WhiteElo "2247"]
[BlackElo "1320"]
[PlyCount "65"]
[EventDate "2021.05.15"]
[EventType "swiss (rapid)"]
[EventRounds "10"]
[EventCountry "CAN"]

1. d4 Nf6 2. c4 g6 3. Nc3 Bg7 4. e4 d6 5. Nf3 O-O 6. Be2 e5 7. Be3 Nc6 8. d5
Ne7 9. Nd2 Ne8 10. O-O f5 11. f3 f4 12. Bf2 Nf6 13. c5 g5 14. cxd6 cxd6 15. Rc1
Rf7 16. Nb5 Ng6 17. Nc4 Bf8 18. Nxa7 h5 19. Nb6 Rxa7 20. Rxc8 Qe7 21. Qb3 g4
22. Rfc1 Nxe4 23. fxe4 f3 24. Bb5 Nf4 25. Nd7 Qg5 26. Qe3 fxg2 27. Rxf8+ Rxf8
28. Nxf8 Nh3+ 29. Kxg2 Nf4+ 30. Kh1 Ra8 31. Ne6 Qf6 32. Nxf4 exf4 33. Qc3 1-0

[Event "CAN-op rapid Online"]
[Site "Chess.com"]
[Date "2021.05.16"]
[Round "9"]
[White "Suresh, Pavan"]
[Black "Alikaj, Noel"]
[Result "0-1"]
[WhiteElo "1122"]
[BlackElo "1361"]
[PlyCount "108"]
[EventDate "2021.05.15"]
[EventType "swiss (rapid)"]
[EventRounds "10"]
[EventCountry "CAN"]

1. e4 c5 2. Nf3 Nc6 3. Bb5 Nf6 4. Bxc6 bxc6 5. d3 d5 6. exd5 cxd5 7. O-O e6 8.
Bf4 Bd6 9. Bxd6 Qxd6 10. Nbd2 O-O 11. Re1 Bb7 12. Ne5 d4 13. Ndc4 Qd5 14. f3
Nh5 15. Ng4 Nf4 16. Re5 Qc6 17. Na5 Qb5 18. Nxb7 Qxb7 19. Qc1 f6 20. Re1 e5 21.
Kf2 Qb4 22. a3 Qb5 23. g3 Nd5 24. Kg2 Rac8 25. a4 Qb4 26. Ra3 Rb8 27. c4 Qxb2+
28. Qxb2 Rxb2+ 29. Kg1 Nb4 30. Raa1 Nxd3 31. Red1 Rb3 32. a5 h5 33. Nf2 Nxf2
34. Kxf2 Rfb8 35. a6 Rb2+ 36. Kg1 R8b3 37. Ra5 Rxf3 38. Rxc5 Ra2 39. Rc6 Rfa3
40. c5 Rxa6 41. Rc8+ Kh7 42. h4 Ra1 43. Rxa1 Rxa1+ 44. Kf2 a5 45. c6 Rc1 46.
Ke2 a4 47. Kd2 Rc3 48. c7 a3 49. Ra8 a2 50. Rxa2 Rxc7 51. Kd3 Rc3+ 52. Ke2 Rxg3
53. Kf2 Rg4 54. Re2 Rxh4 0-1

[Event "CAN-op rapid Online"]
[Site "Chess.com"]
[Date "2021.05.16"]
[Round "9"]
[White "Turcotte, Jonathan"]
[Black "Mehri, Shikib"]
[Result "1-0"]
[WhiteElo "1954"]
[BlackElo "1092"]
[PlyCount "57"]
[EventDate "2021.05.15"]
[EventType "swiss (rapid)"]
[EventRounds "10"]
[EventCountry "CAN"]

1. d4 d5 2. c4 c6 3. Nf3 Nf6 4. Nc3 Bf5 5. Qb3 e6 6. Qxb7 Nbd7 7. Bf4 Qc8 8.
Qxc8+ Rxc8 9. e3 Bb4 10. Rc1 c5 11. a3 cxd4 12. Nxd4 Bxc3+ 13. Rxc3 Ne4 14. Rc1
Bg6 15. f3 Nef6 16. Bd6 Nb6 17. c5 Na4 18. Bb5+ Nd7 19. Bxa4 Bd3 20. Kd2 Bc4
21. b3 Ba6 22. Nb5 Bxb5 23. Bxb5 f6 24. Rc3 g5 25. Rhc1 Rg8 26. b4 Kd8 27. Ba6
Rc6 28. Bb7 Rxd6 29. cxd6 1-0

[Event "CAN-op rapid Online"]
[Site "Chess.com"]
[Date "2021.05.16"]
[Round "10"]
[White "Chanot, Frederic"]
[Black "Lemay, Nyima"]
[Result "1-0"]
[WhiteElo "1154"]
[BlackElo "1100"]
[PlyCount "70"]
[EventDate "2021.05.15"]
[EventType "swiss (rapid)"]
[EventRounds "10"]
[EventCountry "CAN"]

1. e4 e5 2. Nf3 Nc6 3. Nc3 Bb4 4. Bc4 Nf6 5. a3 Bxc3 6. bxc3 Nxe4 7. Qe2 Nf6 8.
Nxe5 O-O 9. Nxc6 bxc6 10. O-O Re8 11. Qf3 Bb7 12. d4 d5 13. Bd3 Rb8 14. Qg3 g6
15. Bg5 Ne4 16. Bxe4 Qc8 17. Bf3 c5 18. dxc5 d4 19. Bxb7 Qxb7 20. cxd4 Re2 21.
Bh6 Rxc2 22. Qe5 f6 23. Qxf6 c6 24. Qe6+ Kh8 25. Rfe1 Re2 26. Qxe2 Qb3 27. Qe7
Rb7 28. Qf8+ Qg8 29. Qxg8+ Kxg8 30. Re8+ Kf7 31. Rf8+ Ke7 32. Rh8 Ke6 33. Re1+
Kd5 34. Be3 Kc4 35. h4 Kd3 1-0

[Event "CAN-op rapid Online"]
[Site "Chess.com"]
[Date "2021.05.16"]
[Round "10"]
[White "Chelkowski, Jan"]
[Black "Suresh, Pavan"]
[Result "1/2-1/2"]
[WhiteElo "1202"]
[BlackElo "1122"]
[PlyCount "213"]
[EventDate "2021.05.15"]
[EventType "swiss (rapid)"]
[EventRounds "10"]
[EventCountry "CAN"]

1. e4 c5 2. Bc4 e6 3. b3 Nc6 4. Bb2 Nge7 5. Qg4 Ng6 6. Nh3 Nce5 7. Qg3 Nxc4 8.
bxc4 f6 9. O-O Be7 10. Nf4 Nxf4 11. Qxf4 O-O 12. Nc3 Qb6 13. Rab1 Bd6 14. Qg4
a6 15. Bc1 Qc7 16. g3 Be5 17. Ne2 f5 18. exf5 exf5 19. Qf3 d6 20. Nc3 Bxc3 21.
Qxc3 f4 22. Bb2 Bh3 23. Rfe1 fxg3 24. Qxg3 Bf5 25. d3 Bg6 26. Qh4 Rf5 27. Re7
Rh5 28. Rxc7 Rxh4 29. Rxg7+ Kf8 30. Rxb7 Rg4+ 31. Kf1 Rh4 32. Bg7+ Kg8 33. Bc3
Rxh2 34. Rb8+ Rxb8 35. Rxb8+ Kf7 36. Rb7+ Ke6 37. Kg1 Rh5 38. Bd2 Rh4 39. Rb6
Rg4+ 40. Kf1 h5 41. Rb8 h4 42. Rh8 Kf7 43. Bc3 Bf5 44. f3 Rf4 45. Ke2 Bh3 46.
Be1 Kg7 47. Rxh4 Rxh4 48. Bxh4 Kf7 49. Ke3 Ke6 50. Bg3 d5 51. cxd5+ Kxd5 52.
Bf2 c4 53. dxc4+ Kxc4 54. Be1 Bf5 55. c3 a5 56. Bd2 a4 57. Kf4 Bb1 58. Bc1 Bxa2
59. Bb2 Kb3 60. Ba1 Bb1 61. Ke3 a3 62. Kd2 a2 63. Kc1 Bf5 64. c4 Kxc4 65. Bf6
Kb3 66. f4 Bc2 67. Kd2 Bb1 68. Ke3 Kc4 69. f5 Bxf5 70. Kf4 Bb1 71. Bh8 Kd3 72.
Bf6 Ke2 73. Kg5 Kf3 74. Kh4 Bf5 75. Bc3 Kf4 76. Kh5 Bg4+ 77. Kh4 Kf5 78. Kg3
Bd1 79. Bb2 Bb3 80. Bc3 Ke4 81. Bb2 Kd3 82. Bg7 Bd5 83. Kg4 Ke4 84. Kg5 Be6 85.
Bb2 Bb3 86. Kh6 Kf5 87. Kh7 Kg5 88. Kh8 Kg6 89. Bc3 Kh6 90. Bb2 Bf7 91. Bc3 Kg6
92. Bb2 Bb3 93. Bc3 Kf7 94. Bb2 Bc2 95. Bc3 Bg6 96. Bb2 Kf8 97. Bc3 Kf7 98. Bb2
Ke6 99. Bc3 Be4 100. Bb2 Kd5 101. Bc3 Kc4 102. Bg7 Kb3 103. Bf6 Bc2 104. Be5
Bd1 105. Bf6 Kc2 106. Be5 Kb1 107. Bd4 1/2-1/2

[Event "CAN-op rapid Online"]
[Site "Chess.com"]
[Date "2021.05.16"]
[Round "10"]
[White "Cliche, Victor"]
[Black "Gougeon, Patrick"]
[Result "1-0"]
[WhiteElo "1269"]
[BlackElo "1285"]
[PlyCount "57"]
[EventDate "2021.05.15"]
[EventType "swiss (rapid)"]
[EventRounds "10"]
[EventCountry "CAN"]

1. e4 d5 2. exd5 Qxd5 3. Nc3 Qd6 4. Nf3 Nf6 5. Bc4 a6 6. h3 b5 7. Bb3 Bb7 8. d3
e6 9. Be3 c5 10. Qe2 Be7 11. O-O Nbd7 12. Rad1 Qc7 13. a3 O-O 14. Rfe1 Qc6 15.
Ne4 Nxe4 16. dxe4 c4 17. Ba2 Rad8 18. Bf4 Nc5 19. e5 Rxd1 20. Rxd1 Ne4 21. Re1
Rd8 22. c3 Bc5 23. Be3 Be7 24. Bb1 Ng5 25. Bxg5 Bxg5 26. Be4 Qxe4 27. Qxe4 Bxe4
28. Rxe4 Be7 29. Rd4 1-0

[Event "CAN-op rapid Online"]
[Site "Chess.com"]
[Date "2021.05.16"]
[Round "10"]
[White "Hemphrey, David"]
[Black "Stojanovski, Sandi"]
[Result "0-1"]
[WhiteElo "1331"]
[BlackElo "2247"]
[PlyCount "154"]
[EventDate "2021.05.15"]
[EventType "swiss (rapid)"]
[EventRounds "10"]
[EventCountry "CAN"]

1. d4 Nf6 2. c4 e6 3. Nc3 Bb4 4. Nf3 d5 5. Bg5 h6 6. Bxf6 Qxf6 7. e3 O-O 8. a3
Bxc3+ 9. bxc3 c5 10. Be2 Nc6 11. O-O dxc4 12. Bxc4 cxd4 13. cxd4 b6 14. Qe2 Bb7
15. Ba6 Qe7 16. Rfc1 Rac8 17. h3 Na5 18. Bxb7 Qxb7 19. Rab1 Rxc1+ 20. Rxc1 Rc8
21. Rxc8+ Qxc8 22. Ne5 Qc1+ 23. Kh2 Qxa3 24. Qa6 Qe7 25. Qc8+ Kh7 26. Qc2+ g6
27. Qa4 Kg7 28. Qb5 Qc7 29. Kg1 Nb7 30. Qa6 Nd6 31. Kh1 b5 32. Nd3 Qb6 33. Qxb6
axb6 34. g4 f6 35. Kg2 Kf7 36. f4 Nc4 37. Kf3 f5 38. Nb4 Ke7 39. Ke2 Kd6 40.
Kd3 Na5 41. Kd2 Nc6 42. Nc2 Kd5 43. Kd3 b4 44. g5 hxg5 45. fxg5 e5 46. h4 b3
47. Na3 exd4 48. exd4 Nxd4 49. Nc4 Nf3 50. Nxb6+ Ke6 51. Nc4 Nxh4 52. Ke3 Kd5
53. Nb2 Ng2+ 54. Kf3 Ne1+ 55. Ke2 Nc2 56. Kd3 Nd4 57. Nd1 Ne6 58. Kc3 Nxg5 59.
Kxb3 Ke4 60. Kc3 Kf3 61. Kd2 Ne4+ 62. Ke1 g5 63. Kf1 f4 64. Nb2 g4 65. Nd3 Nd2+
66. Kg1 g3 67. Ne5+ Ke4 68. Ng4 f3 69. Nf2+ gxf2+ 70. Kxf2 Kf4 71. Ke1 Ke3 72.
Kd1 f2 73. Kc2 f1=Q 74. Kb2 Qc4 75. Ka3 Qb5 76. Ka2 Qb3+ 77. Ka1 Qb1# 0-1

[Event "CAN-op rapid Online"]
[Site "Chess.com"]
[Date "2021.05.16"]
[Round "10"]
[White "McAlpin, John-Francis"]
[Black "Heran-Boily, Samuel"]
[Result "1-0"]
[WhiteElo "1451"]
[BlackElo "1770"]
[PlyCount "63"]
[EventDate "2021.05.15"]
[EventType "swiss (rapid)"]
[EventRounds "10"]
[EventCountry "CAN"]

1. e4 e6 2. d4 d5 3. Nd2 c5 4. c3 cxd4 5. cxd4 dxe4 6. Nxe4 Nf6 7. Nxf6+ Qxf6
8. Nf3 Bb4+ 9. Bd2 Bxd2+ 10. Qxd2 Nc6 11. Bb5 Bd7 12. O-O O-O 13. Rfd1 Rfd8 14.
Ne5 Rac8 15. Rac1 h6 16. Rc3 Be8 17. Bxc6 bxc6 18. Rf3 Qe7 19. Rg3 Qf6 20. Ng4
Qh4 21. Nxh6+ Kf8 22. Rh3 Qe4 23. f3 Qg6 24. Ng4 c5 25. Ne5 Qf6 26. Rh8+ Ke7
27. Qa5 Rxd4 28. Qxa7+ Kd6 29. Rxd4+ cxd4 30. Qxd4+ Ke7 31. Qb4+ Kd8 32. Qd6#
1-0

[Event "CAN-op rapid Online"]
[Site "Chess.com"]
[Date "2021.05.16"]
[Round "10"]
[White "Mehri, Shikib"]
[Black "Bilski, Simon"]
[Result "0-1"]
[WhiteElo "1092"]
[BlackElo "1216"]
[PlyCount "96"]
[EventDate "2021.05.15"]
[EventType "swiss (rapid)"]
[EventRounds "10"]
[EventCountry "CAN"]

1. e4 c5 2. Nf3 Nc6 3. d4 cxd4 4. Nxd4 e6 5. Nc3 Nf6 6. Be3 g6 7. f3 Bg7 8. Qd2
O-O 9. O-O-O d5 10. exd5 Nxd5 11. Nxd5 Qxd5 12. Nxc6 Qxc6 13. Kb1 b6 14. Bd3
Bb7 15. Be4 Qc7 16. Bxb7 Qxb7 17. Bh6 Bxh6 18. Qxh6 Rad8 19. h4 Rd5 20. g4
Rxd1+ 21. Rxd1 Qxf3 22. Rg1 Qf2 23. Rc1 Rd8 24. h5 Qf3 25. Qg5 Rd1 26. hxg6
Rxc1+ 27. Kxc1 fxg6 28. Qd8+ Kg7 29. Qe7+ Qf7 30. Qxf7+ Kxf7 31. Kd2 Kf6 32.
Ke3 Kg5 33. Kf3 h5 34. gxh5 gxh5 35. Kg3 e5 36. c4 e4 37. a4 Kf5 38. a5 Ke5 39.
axb6 axb6 40. b4 Kd4 41. c5 bxc5 42. b5 Kd5 43. Kf4 c4 44. b6 Kc6 45. Kxe4 Kxb6
46. Kd4 Kb5 47. Kc3 h4 48. Kd2 h3 0-1

[Event "CAN-op rapid Online"]
[Site "Chess.com"]
[Date "2021.05.16"]
[Round "10"]
[White "Mendes, Aaron Reeve"]
[Black "Neves, Leonardo"]
[Result "1-0"]
[WhiteElo "1773"]
[BlackElo "1674"]
[PlyCount "75"]
[EventDate "2021.05.15"]
[EventType "swiss (rapid)"]
[EventRounds "10"]
[EventCountry "CAN"]

1. d4 Nf6 2. Bf4 c5 3. c3 Qb6 4. Qc1 cxd4 5. cxd4 Nc6 6. e3 d6 7. Nf3 g6 8. Bc4
Bg7 9. O-O O-O 10. Nc3 Bf5 11. Qd2 Rfd8 12. Rfe1 d5 13. Bd3 Bxd3 14. Qxd3 Rac8
15. Qd2 Nh5 16. Bg3 Nxg3 17. hxg3 e6 18. Rac1 Rd7 19. Na4 Qd8 20. Nc5 Rdc7 21.
Rc2 Bf8 22. Rec1 Na5 23. Qxa5 b6 24. Qa3 bxc5 25. dxc5 Qf6 26. Nd4 Rb8 27. Qa5
Qd8 28. c6 Bb4 29. Qa4 a6 30. a3 Bf8 31. Qxa6 Ra8 32. Qd3 Bg7 33. Nb5 Rac8 34.
Nxc7 Rxc7 35. b4 Qa8 36. b5 Qa5 37. Qb3 Qb6 38. a4 1-0

[Event "CAN-op rapid Online"]
[Site "Chess.com"]
[Date "2021.05.16"]
[Round "10"]
[White "Nemani Dhruv, Sai Venkat"]
[Black "Dahal, Raj"]
[Result "0-1"]
[WhiteElo "1231"]
[BlackElo "1818"]
[PlyCount "146"]
[EventDate "2021.05.15"]
[EventType "swiss (rapid)"]
[EventRounds "10"]
[EventCountry "CAN"]

1. e4 Nc6 2. Nf3 e5 3. Nc3 Nf6 4. Bc4 Bb4 5. d3 O-O 6. a3 Ba5 7. b4 Bb6 8. O-O
h6 9. Be3 Bxe3 10. fxe3 d6 11. d4 Bg4 12. d5 Ne7 13. h3 Bh5 14. Qd2 c6 15. Ne1
a5 16. Nd3 Bg6 17. Nf2 b5 18. Bb3 a4 19. Ba2 Rb8 20. Rad1 Qc7 21. dxc6 Qxc6 22.
Qxd6 Qxc3 23. Qxe7 Qxa3 24. Bd5 Qxe3 25. Kh1 Rfe8 26. Qc5 Qxc5 27. bxc5 Nh5 28.
Kh2 Nf4 29. Ng4 Ne2 30. Rd2 Nc3 31. Rf3 b4 32. Rxc3 bxc3 33. Rd3 a3 34. Rxc3 a2
35. Bxa2 Bxe4 36. Nf2 Bf5 37. Bd5 Be6 38. Bf3 f5 39. g4 e4 40. gxf5 exf3 41.
fxe6 Rxe6 42. Rxf3 Rc8 43. Rc3 Kf7 44. Nd3 Re3 45. Kg2 g5 46. Kf2 Re6 47. Kf3
Ke7 48. Kg4 Re4+ 49. Kf3 Rh4 50. Kg3 Ke6 51. Kh2 Kd5 52. Rb3 Rc4 53. c3 Ke4 54.
Nf2+ Kf5 55. Nd3 h5 56. Kg3 Ke4 57. Nf2+ Ke3 58. Rb4 R8xc5 59. Nd1+ Ke2 60. Nf2
Rxc3+ 61. Kg2 R3c4 62. Rb2+ Ke3 63. Rb3+ Kd4 64. Rd3+ Ke5 65. Re3+ Kf5 66. Rf3+
Rf4 67. Re3 Rc2 68. Rf3 g4 69. Rxf4+ Kxf4 70. hxg4 hxg4 71. Kf1 Kf3 72. Kg1 g3
73. Nd1 Rc1 0-1

[Event "CAN-op rapid Online"]
[Site "Chess.com"]
[Date "2021.05.16"]
[Round "10"]
[White "Turcotte, Jonathan"]
[Black "Mitrabha, Guha"]
[Result "0-1"]
[WhiteElo "1954"]
[BlackElo "2245"]
[PlyCount "62"]
[EventDate "2021.05.15"]
[EventType "swiss (rapid)"]
[EventRounds "10"]
[EventCountry "CAN"]

1. d4 Nf6 2. c4 c5 3. d5 b5 4. cxb5 a6 5. e3 g6 6. Nc3 Bg7 7. a4 O-O 8. Nf3 d6
9. e4 axb5 10. Bxb5 Ba6 11. Bd2 Nbd7 12. h3 Bxb5 13. axb5 Rxa1 14. Qxa1 Qa8 15.
O-O Nb6 16. Qa6 Nfd7 17. Ra1 Rb8 18. Bf4 Qb7 19. Qxb7 Rxb7 20. Re1 Nc4 21. Bc1
Bxc3 22. bxc3 Rxb5 23. Bf4 f6 24. Ra1 Kf7 25. Nd2 Ndb6 26. Rb1 Ra5 27. Nb3 Ra2
28. Bc1 Na4 29. Ra1 Rxa1 30. Nxa1 Nxc3 31. Kf1 Nxe4 0-1

[Event "CAN-op rapid Online"]
[Site "Chess.com"]
[Date "2021.05.16"]
[Round "10"]
[White "Turgeon-Dalpe, Alexandre"]
[Black "Alikaj, Noel"]
[Result "0-1"]
[WhiteElo "1236"]
[BlackElo "1361"]
[PlyCount "109"]
[EventDate "2021.05.15"]
[EventType "swiss (rapid)"]
[EventRounds "10"]
[EventCountry "CAN"]

1. e4 c5 2. c3 b6 3. Nf3 Bb7 4. Bc4 e6 5. O-O Nf6 6. d4 Be7 7. Bd3 Nxe4 8. Re1
Nf6 9. Na3 O-O 10. Nc2 d5 11. Ne5 Nc6 12. f4 cxd4 13. cxd4 a6 14. Bd2 b5 15.
Rc1 Qb6 16. Ne3 Nxd4 17. Kh1 Rac8 18. N3g4 Rfd8 19. Be3 Nxg4 20. Qxg4 f5 21.
Qh3 Bc5 22. Qh5 g6 23. Qh6 b4 24. Bf2 Nb5 25. Bh4 Re8 26. Nd7 Qc7 27. Nf6+ Kh8
28. Nxe8 Rxe8 29. Bf6+ Kg8 30. Be5 Qe7 31. Rxc5 Nd6 32. Qh3 Ne4 33. Bxe4 Qxc5
34. Bf3 Qf2 35. Rg1 Re7 36. Qh6 Qc5 37. Qg5 Rf7 38. h4 Qf8 39. h5 Rg7 40. Bxg7
Qxg7 41. Qd8+ Qf8 42. Qg5 Qg7 43. g3 Qxb2 44. Qd8+ Kg7 45. Qe7+ Kg8 46. Qxb7
Qxa2 47. hxg6 hxg6 48. Rg2 Qb1+ 49. Kh2 Qd3 50. Qe7 Qxf3 51. Qxe6+ Kh7 52. Qxa6
Kh6 53. Qf6 b3 54. Qg5+ Kg7 55. Qg4 0-1

[Event "Carnaval Online"]
[Site "Chess.com"]
[Date "2021.02.20"]
[Round "1.1"]
[White "Stojanovski, Sandi"]
[Black "Banerjee, Bitan"]
[Result "1-0"]
[WhiteElo "2232"]
[BlackElo "2484"]
[PlyCount "111"]
[EventDate "2021.02.20"]
[EventType "swiss"]
[EventRounds "6"]
[EventCountry "CAN"]

1. c4 g6 2. Nc3 Bg7 3. d4 Nf6 4. e4 d6 5. Nf3 O-O 6. Be2 e5 7. O-O Nc6 8. d5
Ne7 9. Ne1 Nd7 10. Nd3 f5 11. f3 Kh8 12. f4 fxe4 13. Nxe4 Nf5 14. Bg4 exf4 15.
Bxf5 Rxf5 16. Bxf4 h6 17. Qd2 Qf8 18. Be3 Nb6 19. Qc2 Bd7 20. Nf4 Qe8 21. Rae1
g5 22. Bxb6 Rxf4 23. Nf6 Rxf6 24. Rxe8+ Rxe8 25. Rxf6 Bxf6 26. Qg6 Bg7 27. Qf7
axb6 28. Qxd7 Rf8 29. g4 Bxb2 30. Qxc7 Bd4+ 31. Kg2 Rf2+ 32. Kg3 Bc5 33. Qxb7
Rxa2 34. Kf3 Rf2+ 35. Kg3 Ra2 36. h3 Ra3+ 37. Kg2 Ra2+ 38. Kf3 Rf2+ 39. Ke4
Rf4+ 40. Kd3 Rf3+ 41. Kc2 Rxh3 42. Qf7 Re3 43. Qg6 Re5 44. Qxh6+ Kg8 45. Kb3
Kf7 46. Ka4 Ke7 47. Kb5 Kf7 48. Kc6 Ke7 49. Qg7+ Ke8 50. Qf6 Bb4 51. Kxb6 Bc5+
52. Kc6 Bb4 53. Qg7 Bc5 54. Qxe5+ dxe5 55. Kxc5 Kd7 56. Kb4 1-0

[Event "Carnaval Online"]
[Site "Chess.com"]
[Date "2021.02.20"]
[Round "1.2"]
[White "Sonis, Francesco"]
[Black "Latorre, Vincent"]
[Result "1-0"]
[WhiteElo "2477"]
[BlackElo "1941"]
[PlyCount "77"]
[EventDate "2021.02.20"]
[EventType "swiss"]
[EventRounds "6"]
[EventCountry "CAN"]

1. d4 Nf6 2. c4 g6 3. g3 Bg7 4. Bg2 O-O 5. Nc3 d6 6. Nf3 Nbd7 7. O-O e5 8. e4
exd4 9. Nxd4 a5 10. h3 Nc5 11. Be3 a4 12. Qc2 Re8 13. Rad1 c6 14. Nxc6 bxc6 15.
Bxc5 Bf8 16. Bxd6 Bxd6 17. c5 Bxc5 18. Rxd8 Rxd8 19. Rd1 Be6 20. e5 Nd7 21.
Nxa4 Ba7 22. Qxc6 Rac8 23. Qb7 Bb8 24. f4 Kg7 25. Nc3 Rc7 26. Qf3 Ba7+ 27. Kh2
Rb8 28. Rd2 Rc5 29. Ne4 Rc1 30. Ng5 Bg1+ 31. Kh1 Be3+ 32. Rd1 Rbc8 33. Nxe6+
fxe6 34. Kh2 Rxd1 35. Qxd1 Nf8 36. Qd3 Bf2 37. a4 Rc1 38. Bf3 h5 39. Qd2 1-0

[Event "Carnaval Online"]
[Site "Chess.com"]
[Date "2021.02.20"]
[Round "1.3"]
[White "Adam, Rafael"]
[Black "Mitrabha, Guha"]
[Result "0-1"]
[WhiteElo "1907"]
[BlackElo "2445"]
[PlyCount "94"]
[EventDate "2021.02.20"]
[EventType "swiss"]
[EventRounds "6"]
[EventCountry "CAN"]

1. d4 Nf6 2. Bg5 c5 3. d5 Qb6 4. Nc3 Qxb2 5. Bd2 Qb6 6. e4 d6 7. f4 Bg4 8. Nf3
Nbd7 9. Rb1 Qc7 10. Bc4 a6 11. a4 g6 12. h3 Bxf3 13. Qxf3 Bg7 14. O-O O-O 15.
a5 b5 16. axb6 Nxb6 17. Ba2 Nfd7 18. g4 c4 19. Kh2 Nc5 20. h4 e6 21. f5 Be5+
22. Kh3 exd5 23. Nxd5 Nxd5 24. exd5 c3 25. Bh6 Rfe8 26. Be3 Ra7 27. Rf2 Qa5 28.
Bc4 Rc7 29. h5 Qa4 30. Bf1 Ne4 31. Rg2 Bd4 32. Bh6 Nd2 33. Bxd2 cxd2 34. Rxd2
Re3 35. Rb8+ Kg7 36. f6+ Kh6 37. g5+ Kxg5 38. Rg2+ Kh6 39. Qxe3+ Bxe3 40. hxg6
fxg6 41. Rg4 Qxc2 42. Rf8 Bg5 43. Rg3 Qf5+ 44. Kh2 Rc2+ 45. Bg2 Bf4 46. Re8
Bxg3+ 47. Kxg3 Qf2+ 0-1

[Event "Carnaval Online"]
[Site "Chess.com"]
[Date "2021.02.20"]
[Round "1.4"]
[White "Tanaka, Tyler"]
[Black "Mendes, Aaron Reeve"]
[Result "1-0"]
[WhiteElo "2250"]
[BlackElo "1201"]
[PlyCount "117"]
[EventDate "2021.02.20"]
[EventType "swiss"]
[EventRounds "6"]
[EventCountry "CAN"]

1. Nf3 d5 2. g3 Nc6 3. d4 Bf5 4. Bg2 e6 5. O-O Be7 6. c4 h5 7. h3 Nf6 8. Bg5
Ne4 9. Bxe7 Qxe7 10. cxd5 exd5 11. Qb3 O-O-O 12. Rc1 Qe6 13. h4 g5 14. Qe3 g4
15. Nfd2 Qf6 16. Nb3 Kb8 17. Qf4 Nxd4 18. Nxd4 Qxd4 19. Bxe4 Bxe4 20. Nc3 Qb6
21. Nxe4 dxe4 22. Qxe4 Rhe8 23. Rd1 a6 24. Qc2 Rd6 25. Rxd6 Qxd6 26. Rd1 Qe6
27. b3 b6 28. e3 Kb7 29. Rd4 Qg6 30. Qd1 Re6 31. Kf1 Rc6 32. Kg1 Qe6 33. Rd8
Rc5 34. Qd4 Rc1+ 35. Kg2 Rc5 36. b4 Qc6+ 37. Kh2 Rc4 38. Qd5 Rxb4 39. Rb8+ Kxb8
40. Qxc6 Rb2 41. Qe8+ Kb7 42. Qxf7 Rb5 43. e4 a5 44. Qf6 Rc5 45. e5 Rc6 46. e6
Rxe6 47. Qxe6 b5 48. Qd5+ Kb6 49. Qxh5 a4 50. Qxg4 Ka5 51. Qd4 c5 52. Qxc5 Ka6
53. h5 b4 54. Qxb4 a3 55. h6 Ka7 56. h7 Ka6 57. h8=Q Ka7 58. Qhb8+ Ka6 59.
Q4b5# 1-0

[Event "Carnaval Online"]
[Site "Chess.com"]
[Date "2021.02.20"]
[Round "2.1"]
[White "Tanaka, Tyler"]
[Black "Sonis, Francesco"]
[Result "0-1"]
[WhiteElo "2250"]
[BlackElo "2477"]
[PlyCount "84"]
[EventDate "2021.02.20"]
[EventType "swiss"]
[EventRounds "6"]
[EventCountry "CAN"]

1. Nf3 c5 2. g3 Nc6 3. d4 cxd4 4. Nxd4 g6 5. c4 Bg7 6. Be3 Nf6 7. h3 Qa5+ 8.
Qd2 Ne4 9. Qxa5 Nxa5 10. Na3 O-O 11. Bg2 f5 12. O-O d6 13. Rac1 Bd7 14. b3 a6
15. Rfd1 Rac8 16. Nb1 b5 17. Bxe4 fxe4 18. Nc3 bxc4 19. Nd5 Kf7 20. Nb6 Bxh3
21. Nxc8 Rxc8 22. b4 Nb7 23. b5 axb5 24. Nxb5 Be6 25. Nc3 Nc5 26. Bd4 Bh6 27.
Rb1 Bf5 28. Rb5 Ne6 29. Be3 Bg7 30. Rc1 Nc7 31. Ra5 Ke6 32. Na4 Na8 33. Nc3 Nc7
34. Na4 Na8 35. Nc3 h5 36. Nd5 c3 37. Rc2 Nc7 38. Nb6 Rb8 39. Na4 Nd5 40. Ba7
Rb1+ 41. Kg2 e3 42. Nxc3 Nxc3 0-1

[Event "Carnaval Online"]
[Site "Chess.com"]
[Date "2021.02.20"]
[Round "2.3"]
[White "Latorre, Vincent"]
[Black "Stojanovski, Sandi"]
[Result "0-1"]
[WhiteElo "1941"]
[BlackElo "2232"]
[PlyCount "188"]
[EventDate "2021.02.20"]
[EventType "swiss"]
[EventRounds "6"]
[EventCountry "CAN"]

1. e4 c5 2. Nf3 Nc6 3. d4 cxd4 4. Nxd4 Nf6 5. Nc3 e5 6. Ndb5 d6 7. Bg5 a6 8.
Na3 b5 9. Nd5 Be7 10. Bxf6 Bxf6 11. c3 Ne7 12. Nc2 Nxd5 13. Qxd5 Rb8 14. Ne3
O-O 15. Be2 Bg5 16. Qd3 Bxe3 17. Qxe3 a5 18. O-O b4 19. c4 Qc7 20. Rfd1 Be6 21.
b3 Rb6 22. h3 a4 23. Bg4 Ra6 24. Rac1 axb3 25. axb3 Qc8 26. Bxe6 Qxe6 27. Rd5
f5 28. Rcd1 fxe4 29. Qxe4 h6 30. Qd3 e4 31. Qd4 Rf6 32. Qe3 Ra2 33. Rxd6 Qxd6
34. Rxd6 Rxd6 35. Qxe4 Rd1+ 36. Kh2 Rxf2 37. c5 Rdd2 38. c6 Rc2 39. Qd5+ Kh7
40. Kg3 Rfd2 41. Qe4+ Kh8 42. Kh2 Rc3 43. Qxb4 Rdc2 44. Qf8+ Kh7 45. Qf5+ Kh8
46. b4 Rxc6 47. b5 R6c5 48. Qf8+ Kh7 49. b6 Rb5 50. b7 Rcb2 51. Qf4 R2b4 52.
Qc7 Rb2 53. Qd7 R2b3 54. Qc7 Rxb7 55. Qc2+ g6 56. Qc6 h5 57. Qf6 R3b6 58. Qe5
Rb5 59. Qe6 Rf5 60. Qc8 Rbf7 61. Qe8 Kg7 62. Qd8 Kh7 63. Qe8 Rg7 64. Qc8 Rf2
65. Qc5 Rgf7 66. Qe5 Rd2 67. Qe3 Rc2 68. Qe4 Ra2 69. Qe6 Raf2 70. Qe3 Rb2 71.
Qe5 Rd2 72. Qe3 Rdd7 73. Qe6 Rde7 74. Qd5 Rf2 75. Qd6 Ree2 76. Qc7+ Kh6 77. Qc6
Rxg2+ 78. Qxg2 Rxg2+ 79. Kxg2 g5 80. Kf3 Kg6 81. Ke3 Kf6 82. Kf2 Ke5 83. Ke3
Kd6 84. Kd2 Kd7 85. Ke1 Ke7 86. Kf1 Kd6 87. Kf2 Kd5 88. Ke1 Ke4 89. Ke2 Kf4 90.
Kf2 h4 91. Kg2 Ke3 92. Kh1 Kf3 93. Kh2 Kf2 94. Kh1 Kg3 0-1